| 000 | 00790nac a22002537a 4500 | ||
|---|---|---|---|
| 001 | BR6700320 | ||
| 003 | BR-BrBNA | ||
| 005 | 20240105113319.0 | ||
| 008 | 230509b bl.|||m| |||| 00| 0 por d | ||
| 040 |
_aBR-BrBNA _bpor _cBiblioteca Nacional de Agricultura |
||
| 072 | _aF23 | ||
| 090 | _aF23 BR6700320 | ||
| 100 | 1 | _aBeurlen, K. | |
| 245 | 1 | _aGeologia da Regiao de Mossoro [Classificacao do solo; Rio Grande do Norte; Brasil] | |
| 260 | 3 |
_aRio de Janeiro, GB (Brasil): _bED. Pongetti, _c1967. |
|
| 300 | _a173 p. | ||
| 490 |
_aColecao Mossoroense. Serie C (Brazil) _vv. 18 _x |
||
| 500 | _a1 Map, scale 1:200,000; 41 ref. | ||
| 650 | _aSOLO | ||
| 650 | _aGEOLOGIA | ||
| 650 | _aRIO GRANDE DO NORTE | ||
| 909 |
_a202312 _bLúcia Elande _c55 _dLúcia Elande |
||
| 942 |
_2AGRIS _n0 _cMS |
||
| 999 |
_c263038 _d263038 |
||